Religion Quiz

Random Religion or Bible Quiz

Bible Trivia- Joseph Quiz Stats

 Plays Quiz not verified by Sporcle

Support Sporcle.
Go Orange.
Score 0/20 Timer 03:00
1 Play Today
Questions Answers % Correct
What country was Joseph taken to after he was sold?Egypt
94.5%
In Joseph's dream how many well and ill kine/cattle were there?7 of each
69.9%
How many of Joseph's brothers went to Egypt the first trip?10
69.2%
What did Joseph tell his brothers to bring him back their second trip?youngest brother
68%
What was Joseph given that made his brothers mad?coat of many colours
67.2%
In who's sack was the missing item discovered?Benjamin
65.2%
Who finally came to visit Joseph in Egypt before his death?Jacob
64.4%
Who was captain of the guard that watched over Joseph?Potiphar
60.6%
What was missing/stolen after the brothers left the second time?silver cup
58.1%
Who falsely accused Joseph that made him be jailed?Potiphars wife
52.9%
Questions Answers % Correct
What crop did people seek after most in the famine?corn
50.4%
What did Joseph accuse his brothers of being?spies
43.9%
How much was Joseph sold for by his brothers?20 pieces of silver
42.7%
What was the name of the homeland of Joseph and his family?Canaan
38.5%
What was the occupation of Joseph's brothers?shepherds
36.5%
What two types of officers of Pharoh were jailed with Joseph?chief of butlers and bakers
30.8%
What did Jacob do for Joseph and his brothers before he died?blessed them
26.8%
What were the names of the two sons of Joseph?Manasseh and Ephraim
25.1%
What did Joseph and his brothers eat together when they feasted?bread
18.9%
What was the age of Joseph when he died?110
15.6%

You're not logged in!

Compare scores with friends on all Sporcle quizzes.
OR
Log In

From the Vault

Monopoly Board Slideshow Trip

by MrChewypoo

Like most trips, having any fun at all will land you directly in jail.
Remove Ads.
Support Sporcle.
Get the best of Sporcle when you Go Orange. This ad-free experience offers more features, more stats, and more fun while also helping to support Sporcle. Thank you for becoming a member.

Show Comments

Extras

Top Quizzes Today


Score Distribution

Your Account Isn't Verified!

In order to create a playlist on Sporcle, you need to verify the email address you used during registration. Go to your Sporcle Settings to finish the process.

Report this User

Report this user for behavior that violates our Community Guidelines.

Details: